zpět

Detail výsledku týmu

Mama Shelter - Holešovice, Praha

Datum a čas kvízu

29 Celkem bodů Celkový počet nahraných bodů na tomto kvízu bez doplňovacích otázek.
8. Pořadí na kvízu Konečné umístění týmu na tomto kvízu.

Zaznamenané odpovědi

# Otázka Odpověď Body Výsledky
1. V pondělí přijel na státní náv... z Belgie 0
2. Na pozemku u bratislavského le... Sbohem (Zbohom) Fico 1
3. Minulý týden vyšlo album Ostra... Michal Prokop 0
4. Ve středu byl zveřejněn žebříč... Michal Strnad 0
5. Tři minuty a 57 sekund. Přesně... Španělsko 1
6. Podíváme se na historické udál... Pouštní bouře 1
7. Dne 8. června 1992 došlo na ji... vila Tugendhat 0
8. V České republice vystoupila o... D 1
9. Jak se nazývá stát, který vsto... Chorvatsko 0
10. Ve kterém městě získala samost... ve Vídni, Kanadu 1